Central Library OPAC University of Rajshahi

খটকা বানান অভিধান / (Record no. 74199)

MARC details
000 -LEADER
fixed length control field 00816nam a2200229 a 4500
001 - CONTROL NUMBER
control field 74199
003 - CONTROL NUMBER IDENTIFIER
rucl marc code BD-RjUL
005 - DATE AND TIME OF LATEST TRANSACTION
control field 20211209082518.0
008 - FIXED-LENGTH DATA ELEMENTS--GENERAL INFORMATION
fixed length control field 180322s2017 bg ||||| |||| 00| 0 ben d
020 ## - INTERNATIONAL STANDARD BOOK NUMBER
International Standard Book Number 9789849240242
Terms of availability Tk.260.00
035 ## - SYSTEM CONTROL NUMBER
System control number (BD-RjUL)74417
040 ## - CATALOGING SOURCE
Original cataloging agency BD-RjUL
Language of cataloging eng
Transcribing agency BD-RjUL
041 ## - LANGUAGE CODE
Language code of text/sound track or separate title ben
082 ## - DEWEY DECIMAL CLASSIFICATION NUMBER
Edition number 23
Classification number 491.443
Author mark and year KHA 2017
245 00 - TITLE STATEMENT
Title খটকা বানান অভিধান /
Statement of responsibility, etc. সংকলক ও সম্পাদক ; মাহবুবুল হক
260 ## - PUBLICATION, DISTRIBUTION, ETC. (IMPRINT)
Place of publication, distribution, etc. ঢাকা :
Name of publisher, distributor, etc. প্রথমা প্রকাশন ,
Date of publication, distribution, etc. ২০১৭
300 ## - PHYSICAL DESCRIPTION
Pagination ১৮০ পৃ. ;
Size ২১ সেমি.
650 ## - SUBJECT ADDED ENTRY--TOPICAL TERM
Topical term or geographic name as entry element বাংলা অভিধান
9 (RLIN) 220732
Topical term or geographic name as entry element Bengli Dictionary
9 (RLIN) 220733
700 ## - ADDED ENTRY--PERSONAL NAME
Personal name হক, মাহবুবুল
942 ## - ADDED ENTRY ELEMENTS (KOHA)
Source of classification or shelving scheme Dewey Decimal Classification
Koha item type Books
Holdings
Lost status Source of classification or shelving scheme Damaged status Not for loan Collection code Permanent Location Current Location Shelving location Date acquired Source of acquisition Cost, normal purchase price Total Checkouts Full call number Date last seen Date checked out Copy number Koha item type
  Dewey Decimal Classification     Non-fiction Central Library, University of Rajshahi Central Library, University of Rajshahi   27/03/2017 Rajshahi Newshome 260.00 2 B 491.443 KHA 2017 05/07/2022 29/06/2022 C-2 Books
  Dewey Decimal Classification   Not For Loan Non-fiction Central Library, University of Rajshahi Central Library, University of Rajshahi Reading Room 27/03/2017 Rajshahi Newshome 260.00   B 491.443 KHA 2017 22/03/2018   C-1 Books